تخطي إلى المحتوى
VuFind
اللغة
English
Deutsch
Español
Français
Italiano
日本語
Nederlands
Português
Português (Brasil)
中文(简体)
中文(繁體)
Türkçe
עברית
Gaeilge
Cymraeg
Ελληνικά
Català
Euskara
Русский
Čeština
Suomi
Svenska
polski
Dansk
slovenščina
اللغة العربية
বাংলা
Galego
Tiếng Việt
Hrvatski
हिंदी
كل الحقول
العنوان
المؤلف
الموضوع
رقم الطلب
ردمك/تدمد
الوسم
ابحث
بحث متقدم
بحث عن
Handbook of HPLC, 2nd ed
استشهد بهذا
أرسل هذا بالبريد الإلكتروني
طباعة
تصدير التسجيلة
تصدير إلى RefWorks
تصدير إلى EndNoteWeb
تصدير إلى EndNote
permanent_link
تحميل...
Handbook of HPLC, 2nd ed
التفاصيل البيبلوغرافية
المؤلف الرئيسي:
Corradini, Danilo
المقتنيات
الوصف
مواد مشابهة
عرض للأخصائي
LEADER
00182 a2200097 4500
020
260
942
|c
BB
|6
_
245
|a
Handbook of HPLC, 2nd ed
100
|a
Corradini, Danilo
999
|c
57568
|d
57568
مواد مشابهة
Handbook of HPLC
بواسطة: Elena Katz
منشور في: (1998)
Handbook of HPLC /
منشور في: (2011)
Handbook of HPLC /
منشور في: (2010)
Handbook of HPLC /
منشور في: (2010)
HPLC : practical and industrial applications /
منشور في: (2001)
تحميل...